Κατάλογος Βιβλιοθηκών Mediterranean College

Ζητήματα Τραπεζικής Οικονομικής / Αξιολόγηση και Χρηματοοικονομική Διοίκηση. (Record no. 3773)

MARC details
000 -LEADER
fixed length control field 04059cam a22002174a 4500
005 - ΗΜΕΡΟΜΗΝΙΑ ΚΑΙ ΩΡΑ ΤΕΛΕΥΤΑΙΑΣ ΕΝΗΜΕΡΩΣΗΣ
Πεδίο ελέγχου 20250605164125.0
008 - FIXED-LENGTH DATA ELEMENTS--GENERAL INFORMATION
Πεδίο ελέγχου σταθερού μήκους 250528s ||||||||||||||||||||||||d
035 ## - SYSTEM CONTROL NUMBER
System control number 18412
020 ## - ISBN
ISBN 9609120105
040 ## - ΠΗΓΗ ΚΑΤΑΛΟΓΟΓΡΑΦΗΣΗΣ
Φορέας πρωτότυπης καταλογογράφησης MC Athens Campus Library
Γλώσσα καταλογογράφησης Ελληνικά, Μοντέρνα (1453-)
Modifying agency MC Athens Campus Library
Κανόνες περιγραφικής καταλογογράφησης AACR2
245 1# - ΤΙΤΛΟΣ ΚΑΙ ΔΗΛΩΣΗ ΥΠΕΥΘΥΝΟΤΗΤΑΣ
Τίτλος Ζητήματα Τραπεζικής Οικονομικής / Αξιολόγηση και Χρηματοοικονομική Διοίκηση.
Number of part/section of a work Τόμος Γ'
250 ## - EDITION STATEMENT
Edition statement
260 ## - PUBLICATION, DISTRIBUTION, ETC.
Name of publisher, distributor, etc. Ε.Κ.Π.Α,
Date of publication, distribution, etc. 2000
300 ## - PHYSICAL DESCRIPTION
Extent 520
505 0# - FORMATTED CONTENTS NOTE
Formatted contents note Η Φύση και η Λειτουργία της Τράπεζας, Η Εφαρμογή Ενός Υποδείγματος Στρατηγικής Διοίκησης στην Τραπεζική Διαχείριση, Διαχείρηση Ενεργητικού - Παθητικού Ενός Τραπεζικού Οργανισμού, Η Διαχείριση των Κινδύνων του Τραπεζικού Χαρτοφυλακίου, Ανάλυση Πιστοληπτικής Ικανότητας, Επιχείρηση και Χρηματοδότηση, Στρατηγικός Σχεδιασμός Διοίκησης Τραπεζικού Ιδρύματος, Οικονομίες Παραγωγής στον Τραπεζικό Κλάδο, Διεύρυνση και Εξειδίκευση Εργασιών: Η Πορεία προς τα Χρηματοπιστωτικά Ιδύματα Γενικής Τραπεζικής, Η θεωρία της Τραπεζικής Εποπτείας, Επιλογές Στρατηγικής και Νέες Τάσεις του Ανταγωνισμού στη Σύγχρονη Τραπεζική, Η Φύση και η Λειτουργία της Τράπεζας, Η Διαχείριση των Κινδύνων του Τραπεζικού Χαρτοφυλακίου, Στρατηγικός Σχεδιασμός Διοίκησης Τραπεζικού Ιδρύματος, Οικονομίες Παραγωγής στον Τραπεζικό Κλάδο, Ζητήματα Τραπεζικής Εποπτείας, Επιλογές Στρατηγικής και Νέες Τάσεις του Ανταγωνισμού στη Σύγχρονη Τραπεζική, Βιβλιογραφία.
520 ## - SUMMARY, ETC.
Summary, etc. Η Φύση και η Λειτουργία της Τράπεζας, Η Εφαρμογή Ενός Υποδείγματος Στρατηγικής Διοίκησης στην Τραπεζική Διαχείριση, Διαχείρηση Ενεργητικού - Παθητικού Ενός Τραπεζικού Οργανισμού, Η Διαχείριση των Κινδύνων του Τραπεζικού Χαρτοφυλακίου, Ανάλυση Πιστοληπτικής Ικανότητας, Επιχείρηση και Χρηματοδότηση, Στρατηγικός Σχεδιασμός Διοίκησης Τραπεζικού Ιδρύματος, Οικονομίες Παραγωγής στον Τραπεζικό Κλάδο, Διεύρυνση και Εξειδίκευση Εργασιών: Η Πορεία προς τα Χρηματοπιστωτικά Ιδύματα Γενικής Τραπεζικής, Η θεωρία της Τραπεζικής Εποπτείας, Επιλογές Στρατηγικής και Νέες Τάσεις του Ανταγωνισμού στη Σύγχρονη Τραπεζική, Η Φύση και η Λειτουργία της Τράπεζας, Η Διαχείριση των Κινδύνων του Τραπεζικού Χαρτοφυλακίου, Στρατηγικός Σχεδιασμός Διοίκησης Τραπεζικού Ιδρύματος, Οικονομίες Παραγωγής στον Τραπεζικό Κλάδο, Ζητήματα Τραπεζικής Εποπτείας, Επιλογές Στρατηγικής και Νέες Τάσεις του Ανταγωνισμού στη Σύγχρονη Τραπεζική, Βιβλιογραφία.
700 1# - ΠΡΟΣΘΕΤΗ ΑΝΑΓΡΑΦΗ--ΦΥΣΙΚΟ ΠΡΟΣΩΠΟ
Personal name Πετράκης Π.Ε
9 (RLIN) 4686
942 ## - ADDED ENTRY ELEMENTS (KOHA)
Koha item type Books
Holdings
Τύπος τεκμηρίου Βιβλιοθήκη Τρέχουσα τοποθεσία Barcode Αριθμός εισαγωγής Ημερομηνία απόκτησης Ταξιθετικό σύμβολο Αριθμός αντιτύπου Κατάσταση απόσυρσης Κατάσταση χαμένου Κατάσταση κατεστραμμένου Μη δανεισμός Σύνολο δανεισμών Ημερομηνία τελευταίας εμφάνισης Η τιμή ισχύει από
Books MC Athens Campus Library MC Athens Campus Library 9780000037725 3089 05/06/2025 658.15 PET V.C 1           05/06/2025 05/06/2025

MC Athens Campus Library
Πατησίων 94 & Κοδριγκτώνος 13, 104 34
Πελλήνης 8 & Πατησίων 107, 112 51
Τ: +30 210 8899600

MC Thessaloniki Campus Library
Ίωνος Δραγούμη 21, 54625 | Ίωνος Δραγούμη 15, 54625
Τ: +30 2310 287779 – Τ: +30 2314 440300